Building bridges : gay & lesbian reality and the Catholic Church /

Bibliographic Details
Main Authors: Nugent, Robert, 1937-2014 (Author), Gramick, Jeannine (Author)
Other Authors: Curran, Charles E. (writer of foreword.)
Format: Book
Language:English
Published: Mystic, CT : Twenty-Third Publications, [1992]
Subjects:

MARC

Tag First Indicator Second Indicator Subfields
LEADER 00000cam a2200000 a 4500
001 in00004370121
005 20211230122029.0
008 930629s1992 ctu b 001 0 eng d
010 |a  91067051  
035 |a (OCoLC)ocm19920319 
040 |a VYS  |b eng  |c DLC  |d VYS  |d BAKER  |d BTCTA  |d YDXCP  |d PSF  |d OCLCO  |d JES  |d OCLCF  |d OCLCQ  |d OCLCO  |d OCLCQ  |d INT  |d OCLCQ  |d ATCCC  |d TXA 
019 |a 25499924 
020 |a 0896225038 
020 |a 9780896225039 
035 |a (OCoLC)19920319  |z (OCoLC)25499924 
042 |a lccopycat 
043 |a n-us--- 
050 0 0 |a BX1795.H66  |b N828 1992 
082 0 4 |a 291.56  |b N967 
049 |a TXAM 
100 1 |a Nugent, Robert,  |d 1937-2014,  |e author. 
245 1 0 |a Building bridges :  |b gay & lesbian reality and the Catholic Church /  |c Robert Nugent, Jeannine Gramick ; foreword by Charles Curran. 
246 3 |a Building bridges :  |b gay and lesbian reality and the Catholic Church 
264 1 |a Mystic, CT :  |b Twenty-Third Publications,  |c [1992] 
300 |a xi, 218 pages ;  |c 22 cm 
336 |a text  |b txt  |2 rdacontent 
337 |a unmediated  |b n  |2 rdamedia 
338 |a volume  |b nc  |2 rdacarrier 
504 |a Includes bibliographical references (pages 208-213) and index. 
505 0 |a pt. 1: Educational and social concerns. Gay and lesbian rights -- Debunking the myths -- What is natural? -- pt. 2: Counseling and pastoral issues. Gay sons and lesbian daughters -- Lesbian women and the church -- Married and gay, married and lesbian -- pt. 3: Religious and clerical life. Surfacing the issues -- Seminary and the religious candidates -- Lesbian nuns and midlife transition -- pt. 4: Evolving theological perspectives. U.S. bishops and current thinking -- Theological contributions of the U.S. church -- The U.S. church and global significance -- Old wine in new skins? -- Lesbian/gay theology and spirituality: the new frontier. 
500 |a The Cushing Library/Women & Gender Studies copy was acquired as part of The Don Kelly Research Collection of Gay Literature and Culture.  |5 TXA 
500 |a The Cushing Library/Women & Gender Studies copy is inscribed by Gramick. 
541 0 |a Donated by Don Kelly  |d 20150929 
650 0 |a Homosexuality  |x Religious aspects  |x Catholic Church. 
650 0 |a Catholic gays. 
650 0 |a Gays  |x Religious life. 
650 0 |a Church work with gays  |z United States. 
650 7 |a Church work with gays.  |2 fast  |0 (OCoLC)fst00861035 
650 7 |a Gays  |x Religious life.  |2 fast  |0 (OCoLC)fst00939297 
650 7 |a Homosexuality  |x Religious aspects  |x Catholic Church.  |2 fast  |0 (OCoLC)fst00959789 
650 4 |a Homosexuality  |x Religious aspects  |x Catholic Church. 
700 1 |a Gramick, Jeannine,  |e author. 
700 1 |a Curran, Charles E.,  |e writer of foreword. 
776 0 8 |i Online version:  |a Nugent, Robert, 1937-2014.  |t Building bridges.  |d Mystic, Conn. : Twenty-Third Publications, ©1992  |w (OCoLC)891914822 
994 |a C0  |b TXA 
948 |a cataloged  |b h  |c 2021/10/11  |d c  |e nbehmer  |f 4:13:57 pm 
999 f f |s 7edc5f2d-e239-31d3-ab5a-5e5e271e3a3a  |i 93b6a0f4-9bcc-35dd-b318-ed75a09c6fec  |t 0 
952 f f |p noncirc  |a Texas A&M University  |b College Station  |c Cushing Memorial Library & Archives  |d Cushing: Women & Gender Studies (Does not check out)  |t 0  |e BX1795.H66 N828 1992  |h Library of Congress classification  |i unmediated -- volume  |m A14851700527 
998 f f |a BX1795.H66 N828 1992  |t 0  |l Cushing: Women & Gender Studies (Does not check out)